| 000 | 03672cam a22005414i 4500 | ||
|---|---|---|---|
| 003 | PE-LiUPU | ||
| 005 | 20250731173052.0 | ||
| 008 | 180309s2017 ne rb 001 0 eng d | ||
| 020 | _a9789004335776 | ||
| 035 | _a(Sirsi) a241413 | ||
| 040 |
_aPE-LiUPU _bspa _cPE-LiUPU _erda |
||
| 049 | _aPRUA | ||
| 082 | 0 | 4 |
_a274.06 _bB52 _223 |
| 100 | 1 |
_aBiagioni, Mario, _eautor. |
|
| 245 | 1 | 4 |
_aThe radical Reformation and the making of modern Europe : _ba lasting heritage / _cby Mario Biagioni ; Andrew Colin Gow. |
| 264 | 1 |
_aLeiden : _bBrill, _c2017. |
|
| 300 |
_axi, 180 páginas ; _c25 centímetros. |
||
| 336 |
_atext _2rdacontent |
||
| 337 |
_aunmediated _2rdamedia |
||
| 338 |
_avolume _2rdacarrier |
||
| 490 | 0 |
_aStudies in medieval and Reformation traditions, _x1573-4188 ; _vVOLUME 207 |
|
| 504 | _aBibliografía : páginas 144-171. | ||
| 504 | _aÍndices : páginas 172-180. | ||
| 505 | _aPreface -- A broader vision of the radical reformation : some historiographical remarks -- Bainton, Cantimori and "Eretici italiani del Cinquecento" -- The radical reformation in the historiography of the second half of the twentieth century -- A broader vision of the radical reformation -- Travelers of Utopia : the other Europe of the Italian exiles religionis causa -- Travelers of Utopia -- Parallel escapes : Pietro Martire Vermigli and Bernardino Ochino -- The hard choice of Fausto Sozzini -- Francesco Pucci and the Realistic Utopia -- Toleration and Adam's immortality : an example of the relationship between Locke and the Socinians -- The immortality of Adam and the Breadth of the Kingdom of God in Locke's writings -- Adam, Locke and the Socinians -- The debate between Fausto Sozzini and Francesco Pucci on Adam's immortality -- The issue of Adam's immortality in Socinian thought after Fausto Sozzini -- The immortality of Adam, salvation of mankind and toleration : is there a relationship? -- Infinite mercy and the infinite universe : Francesco Pucci and Giordano Bruno -- The infinite amplitude of the Kingdom of God -- Erasmian affinities : Francesco Pucci and Giordano Bruno -- A lasting heritage : a brief history of Puccianism in the seventeenth century -- Christian Francken and the skepticism of the sixteenth century -- The descent of Christian Francken "in immensum" -- Christian Francken and the criterion of truth -- Christian Francken and the "dispute between a theologian and a philosopher on the uncertainty of Christian religion" -- Christian Francken and the sixteenth-century origins of the treatise "De tribus impostoribus" Conclusions -- The radical reformation and the making of modern Europe -- Secularism -- Toleration and rationalism -- The break of modernity. | ||
| 526 | _aSEG42 | ||
| 526 | _aSEG41 | ||
| 526 | _aSEG40 | ||
| 526 | _aSEG39 | ||
| 526 | _aP94 | ||
| 526 | _aP87 | ||
| 526 | _aP86 | ||
| 526 | _aP85 | ||
| 526 | _aP77 | ||
| 526 | _aP76 | ||
| 526 | _aP35 | ||
| 650 | 0 | _aRadical Reformation. | |
| 650 | 0 | _aReforma radical. | |
| 700 | 1 |
_aGow, Andrew Colin, _eeditor. |
|
| 910 |
_adbm _bjpc _cjpc _d20180305 |
||
| 910 |
_adbm _bwmm _cwmm _d20180309 |
||
| 942 |
_2ddc _cBOOK |
||
| 994 |
_aC0 _bPEPRU |
||
| 596 | _a1 | ||
| 999 |
_a274.06 B52 _wDEWEY _c27052 _i78385 _f2021-11-11 _g5 _lCCODEBUL1 _mBUL _p119.00 _r0 _sY _tBOOK _u2018-3-5 _xTEOLOGIA _PP35 _0DONACION _o.STAFF. Colección Teología _d27052 |
||
| 999 |
_a274.06 B52 _wDEWEY _c2 _i78370 _f2021-11-11 _g4 _lCCODEBUL1 _mBUL _p115.00 _r0 _sY _tBOOK _u2018-3-9 _xTEOLOGIA _PP35 _0DONACION _o.STAFF. Colección Teología |
||
| 980 |
_81 _gALBERTO SANCHEZ Responsable de Automatización |
||